[Event "Glorney Cup"]
[Site "Toulon"]
[Date "1993.??.??"]
[Round "?"]
[White "Gillen, Peter"]
[Black "Leinmuller, J."]
[Result "1-0"]
[WhiteElo "1980"]
[BlackElo "1895"]
[PlyCount "63"]
[EventDate "1993.??.??"]
[EventType "team"]
[EventRounds "4"]
[EventCountry "FRA"]
[SourceTitle "EXT 2004"]
[Source "ChessBase"]
[SourceDate "2003.11.25"]
[SourceVersion "1"]
[SourceVersionDate "2003.11.25"]
[SourceQuality "1"]

1. d4 Nf6 2. c4 g6 3. Nc3 Bg7 4. e4 d6 5. f3 0-0 6. Be3 e5 7. d5 Ne8 8. Bd3 c6 9. Nge2 Na6 10. a3 Nac7 11. Qd2 Bd7 12. h4 Bf6 13. Bg5 Ng7 14. 0-0-0 h5 15. Rdg1 Rb8 16. g4 b5 17. dxc6 Bxc6 18. Ng3 Bxg5 19. hxg5 hxg4 20. Kb1 f6 21. Qh2 Kf7 22. gxf6 Qxf6 23. fxg4 Ke7 24. Rf1 Rh8 25. Rxf6 Rxh2 26. Rxg6 Rxh1+ 27. Nxh1 Nge6 28. Nd5+ Kf7 29. Rf6+ Kg7 30. Ng3 Be8 31. Nf5+ Kh7 32. Nde7 1-0